| 000 | 01393nas a2200337 i 4500 | ||
|---|---|---|---|
| 001 | 1195 | ||
| 003 | ES-MaACL | ||
| 005 | 20250704052711.0 | ||
| 007 | t| | ||
| 008 | 950801d18491857sp w| | 1 |spa d | ||
| 022 | _a0214-5359 | ||
| 080 | _a(051) | ||
| 245 | 0 | 3 |
_aLa Ilustración : _bperiódico universal / _cúnico redactor y propietario, Ángel Fernández de los Ríos. |
| 246 | 3 | _aLa Ilustración (Madrid) | |
| 260 |
_aMadrid : _b[La Ilustración], _c1849-1857 ( _fImp. de B. González) |
||
| 300 |
_a2 v. : _bil. ; _c40 cm. |
||
| 310 | _aSemanal | ||
| 362 | 0 | _aT. 1, n. 1 (3 marzo 1849)-t. 9, n. 436 (6 jul. 1857) | |
| 505 | 8 | _aCada mes uno de los n. incluye una partitura musical. | |
| 530 | _aDisponible en formato digital. | ||
| 555 | 8 | _aÍndice al final de volumen. | |
| 580 | _aPublica el almanaque: Almanaque de Las Novedades y La Ilustración. | ||
| 595 | _aVariaciones en la imp. | ||
| 650 | 4 |
_aRevistas de información general. _916896 |
|
| 700 | 1 |
_aFernández de los Ríos, Ángel, _d1821-1880 _9149656 |
|
| 852 | 4 |
_aES-MaACL _jHem-47 |
|
| 856 |
_uhttp://prensahistorica.mcu.es/es/consulta/registro.cmd?id=6131 _zBiblioteca Virtual de Prensa Histórica _z(1849-57) |
||
| 856 | 4 |
_uhttp://hemerotecadigital.bne.es/details.vm?o=&w=0214-5359&f=issn&l=500 _zHemeroteca Digital _z(1850-54) |
|
| 866 | 0 | _o1849,(1852 desde 28 de febrero). | |
| 999 |
_c1195 _d1195 |
||